000 01035cam a2200289 a 4500
001 000005644
003 DO-SdBNP
005 20210928094029.0
007 ta
008 761110s 1949 sp 001 0 spa
040 _aDO-SdBNP
_bspa
_cBNPHU
082 4 _aBNPHU 866.2
_bP981L
100 1 _aPulgar, Fernando del,
_d1436-1492.
_915959
245 1 0 _aLetras :
_bglosa a las Coplas de Mingo Revulgo /
_cFernando del Pulgar ; edición y notas de J. Domínguez Bordona.
260 _aMadrid :
_bEspasa Calpe,
_c1949.
300 _av. ;
_c19 cm.
490 1 _aClásicos castellanos
_v99
500 _aLa biblioteca posee el volumen 2.
600 1 4 _aPulgar, Fernando Del,
_d1430?-1493?
_vCorrespondencia, memorias, etc.
_915960
650 1 4 _aCartas españolas
_ySiglo XV
_915961
650 1 4 _aCanciones folclóricas españolas
_915962
650 1 4 _aLiteratura española
_ySiglo XV
_915963
700 1 _aRevulgo, Mingo
_915964
700 1 _aDomínguez Bordona, J.,
_eed.
_915854
830 0 _aClásicos castellanos ;
_v99.
_94180
942 _2ddc
_cLBS1
999 _c5443
_d5443